Around the World in Eighty Days Map Quiz - Statistics

General Stats
  • This quiz has been taken 462 times
  • The average score is 14 of 17
Answers on the Map
Answers color-coded by a green-red scale on the quiz's map according to % correct below.
 
Answer Stats
Transport Location Answer % Correct
Start London
99%
End London
99%
Train New York
97%
Train Paris
95%
Ship Yokohama
94%
Ship San Francisco
92%
Ship Mumbai
90%
Ship Singapore
88%
Ship Shanghai
87%
Ship Victoria, Hong Kong
87%
Train Kolkata
81%
Ship Coastal Liverpool
81%
Ship Artificial Channel Suez
71%
Ship English Channel Calais
68%
Train English Channel Dover
65%
Train Nebraska Omaha
47%
Elephant Uttar Pradesh Allahabad
17%
No matching quizzes found
Score Distribution
Percent of People with Each Score
Percentile by Number Answered
Your Score History
You have not taken this quiz